<?xml version="1.0" encoding="UTF-8"?>
<record
    xmlns:xsi="http://www.w3.org/2001/XMLSchema-instance"
    xsi:schemaLocation="http://www.loc.gov/MARC21/slim http://www.loc.gov/standards/marcxml/schema/MARC21slim.xsd"
    xmlns="http://www.loc.gov/MARC21/slim">

  <leader>00781cam a2200205 a 4500</leader>
  <controlfield tag="001">82231</controlfield>
  <controlfield tag="003">BD-RjUL</controlfield>
  <controlfield tag="005">20231102110746.0</controlfield>
  <controlfield tag="008">231102muuuu1962pk       b    001 0 per d</controlfield>
  <datafield tag="035" ind1=" " ind2=" ">
    <subfield code="a">(BD-RjUL)82231</subfield>
  </datafield>
  <datafield tag="040" ind1=" " ind2=" ">
    <subfield code="a">PU</subfield>
    <subfield code="c">PSt</subfield>
    <subfield code="d">DLC-R</subfield>
    <subfield code="b">eng</subfield>
  </datafield>
  <datafield tag="041" ind1=" " ind2=" ">
    <subfield code="a">per</subfield>
  </datafield>
  <datafield tag="082" ind1=" " ind2=" ">
    <subfield code="2">23</subfield>
    <subfield code="a">891.5509</subfield>
    <subfield code="b">SAT 1962</subfield>
  </datafield>
  <datafield tag="100" ind1="1" ind2=" ">
    <subfield code="a">Sarwar, Ghulam ;;;&#x633;&#x631;&#x648;&#x631;&#x60C; &#x63A;&#x644;&#x627;&#x645;</subfield>
    <subfield code="9">9864</subfield>
  </datafield>
  <datafield tag="245" ind1="1" ind2="0">
    <subfield code="a">&#x62A;&#x627;&#x631;&#x64A;&#x62E; &#x632;&#x628;&#x627;&#x646; &#x641;&#x627;&#x631;&#x633;&#x649; : &#x642;&#x633;&#x645;&#x62A; &#x646;&#x62B;&#x631; / T&#x101;r&#x12B;kh-i Zab&#x101;n-i F&#x101;rs&#x12B;, qismat-i nas&#x332;r /</subfield>
    <subfield code="c">&#x62A;&#x623;&#x644;&#x64A;&#x641; &#x63A;&#x644;&#x627;&#x645; &#x633;&#x631;&#x648;&#x631;.,. / ta&#x2BB;l&#x12B;f-i Ghul&#x101;m Sarwar, </subfield>
  </datafield>
  <datafield tag="260" ind1=" " ind2=" ">
    <subfield code="a">Kar&#x101;ch&#x12B; :</subfield>
    <subfield code="b"> &#x645;&#x643;&#x62A;&#x628;&#x647; &#x62E;&#x648;&#x631;&#x634;&#x64A;&#x62F; &#x62F;&#x631;&#x62E;&#x634;&#x627;&#x646;&#x60C;,   / Maktabah-yi Khursh&#x12B;d-i Dirakhsh&#x101;n,</subfield>
    <subfield code="c">1962</subfield>
  </datafield>
  <datafield tag="300" ind1=" " ind2=" ">
    <subfield code="a">264 pages ; </subfield>
    <subfield code="c">24 cm.</subfield>
  </datafield>
  <datafield tag="650" ind1=" " ind2="0">
    <subfield code="a">Persian literature </subfield>
    <subfield code="x">History and criticism</subfield>
    <subfield code="9">9865</subfield>
  </datafield>
  <datafield tag="942" ind1=" " ind2=" ">
    <subfield code="2">ddc</subfield>
    <subfield code="c">BK</subfield>
  </datafield>
  <datafield tag="999" ind1=" " ind2=" ">
    <subfield code="c">82231</subfield>
    <subfield code="d">82231</subfield>
  </datafield>
  <datafield tag="952" ind1=" " ind2=" ">
    <subfield code="0">0</subfield>
    <subfield code="1">0</subfield>
    <subfield code="2">ddc</subfield>
    <subfield code="4">0</subfield>
    <subfield code="7">1</subfield>
    <subfield code="8">NFIC</subfield>
    <subfield code="a">RUCL</subfield>
    <subfield code="b">RUCL</subfield>
    <subfield code="c">Reading</subfield>
    <subfield code="d">1965-10-05</subfield>
    <subfield code="e">Urdu Library</subfield>
    <subfield code="g">5.00</subfield>
    <subfield code="l">0</subfield>
    <subfield code="o">F 891.5509 SAT 1962</subfield>
    <subfield code="r">2023-11-02 00:00:00</subfield>
    <subfield code="t">C-1</subfield>
    <subfield code="w">2023-11-02</subfield>
    <subfield code="y">BK</subfield>
  </datafield>
</record>
